| 000 | 01753nam a22004217a 4500 | ||
|---|---|---|---|
| 003 | CHAP | ||
| 005 | 20250707112252.0 | ||
| 008 | 120709s2012 mx r 00010 spa d | ||
| 010 | _a103520 | ||
| 011 | _a104492 | ||
| 035 | _a115182 | ||
| 040 | _cCHAP | ||
| 090 | _aTesis | ||
| 100 | 1 |
_aBarrera Rodriguez, Ariadna Isabel _910412 |
|
| 245 | 1 | 0 |
_aPropuesta estratégica de desarrollo competitivo de la red de valor vainilla en Puebla y Veracruz _h[En linea] _c/por Ariadna Isabel Barrera Rodríguez |
| 260 |
_aChapingo, Méx. : _bEl autor, _c2012 |
||
| 500 | _aPara ver el contenido del material haga clic en la liga | ||
| 502 | _aTesis (Ph.D. en Problemas Económico Agroindustriales) -- UACH. Centro de Investigaciones Económicas, Sociales y Tecnológicas de la Agroindustria y la Agricultura Mundial | ||
| 590 |
_aALEPH _b10 _c20130110 _lUCH01 _h1545 |
||
| 590 |
_aBATCH-UPD _b10 _c20130110 _lUCH01 _h1354 |
||
| 590 |
_aBATCH-UPD _b10 _c20130410 _lUCH01 _h0849 |
||
| 590 |
_aBATCH-UPD _b10 _c20130914 _lUCH01 _h0541 |
||
| 590 |
_aBATCH-UPD _b10 _c20140324 _lUCH01 _h1531 |
||
| 590 |
_aBATCH-UPD _b10 _c20141002 _lUCH01 _h0853 |
||
| 590 |
_aBATCH _b00 _c20181121 _lUCH01 _h0758 |
||
| 590 |
_aCONVERSION _b10 _c20130109 _lUCH01 _h1357 |
||
| 650 | 0 | 4 |
_aVainilla -- costos. _9117212 |
| 650 | 0 | 4 |
_aVainilla -- Mercadeo. _9117213 |
| 650 | 0 | 4 |
_aVainilla _xProducción _9117214 |
| 650 | 0 | 4 |
_aVainilla _zPuebla. _9117210 |
| 650 | 0 | 4 |
_aVainilla _zVeracruz. _9117211 |
| 856 |
_3Finding aid _uhttp://10.13.5.2/tesis/115182.pdf _zTeclea aqui |
||
| 856 |
_a1 _n0000773 |
||
| 901 | _aBK | ||
| 942 | _cFOLL | ||
| 949 |
_aTesis _bBC _cTES _d33724002339223 _eTS1 _gDonaciØn _h53553 _i115182 _st |
||
| 949 |
_aTesis _bBC _cTES _d33724002339975 _eTS2 _fc.2 _gDonaciØn _h53554 _i115182 _st |
||
| 999 |
_c103520 _d103520 |
||